000 00929cam a2200277 i 4500
001 4387
005 20240819111848.0
020 _a0590428705
040 _aDLC
_beng
_cDLC
_dDLC
050 0 0 _aPZ8.3.A123
082 0 0 _a398.2
100 1 _aAardema, Verna
245 1 0 _aBringing the rain to Kapiti Plain :
_bA Nandi Tale ;
_cretold by Verna Aardema ; pictures by Beatriz Vidal
250 _aFirst Scholastic printing , Septermber 1999
260 _aNew York :
_bScholastic ;
_c1981
300 _a32 unnumbered pages :
_bcolor illustrations ;
_c21 cm .
505 _aM
520 _aA cumulative rhyme relating how Ki-pat brought rain to the drought-stricken Kapiti Plain.
521 _a530
_bLexile estimate
521 _aM
_bRaz-Plus
650 1 _aDroughts
_xFiction.
650 1 _aStories in rhyme.
700 1 _aVidal, Beatriz
906 _a7
_bcbc
_corignew
_du
_eocip
_f19
_gy-gencatlg
942 _2ddc
_cBK
_n0
999 _c4387
_d4387